The Worst Quiz Ever - Statistics

General Stats
  • This quiz has been taken 30 times
  • The average score is 5 of 15
Answer Stats
Hint Answer % Correct
What planet in the Solar System has the greatest population of Ring-tailed lemurs? Earth
93%
Who was the last president to be democratically elected in the United States of America? Donald Trump
90%
Where is the wettest place on Earth? Ocean
83%
How many Justin Bieber albums do I own? None
76%
How many locks do standard QWERTY keyboards have? 3
59%
What is the word used for when a police officer tricks a suspect into engaging in illicit activity? Entrapment
17%
What drink is Niigata famous for? Sake
17%
What was the first Beatles album to be recorded on an eight-track tape recorder? Abbey Road
14%
He voices Homer, is 'the man', wrote about Leonardo - who could it be? (Given name) Dan
10%
What spice do Indonesians put in their tobacco? Cloves
3%
What three letter acronym is used to identify products? SKU
3%
What are speed bumps known as in the United Kingdom? Sleeping Policeman
3%
What Japanese brand could be reworded as 'Incredibly New York'? SONY
3%
What was the last Beatles album to be recorded on a four-track tape recorder? The Beatles
3%
Who invented double tabbed manila file folders? Who cares?
0%
No matching quizzes found
Score Distribution
Percent of People with Each Score
Percentile by Number Answered
Your Score History
You have not taken this quiz